<?xml version="1.0" encoding="UTF-8"?>
<record
    xmlns:xsi="http://www.w3.org/2001/XMLSchema-instance"
    xsi:schemaLocation="http://www.loc.gov/MARC21/slim http://www.loc.gov/standards/marcxml/schema/MARC21slim.xsd"
    xmlns="http://www.loc.gov/MARC21/slim">

  <leader>02167nam a22001337a 4500</leader>
  <datafield tag="999" ind1=" " ind2=" ">
    <subfield code="c">67599</subfield>
    <subfield code="d">67596</subfield>
  </datafield>
  <datafield tag="100" ind1=" " ind2=" ">
    <subfield code="a">Aijaz Ahmed Arain</subfield>
    <subfield code="a">Supervisor Dr Zahid Hussain Abro</subfield>
  </datafield>
  <datafield tag="245" ind1=" " ind2=" ">
    <subfield code="a">An Assessment of Usefulness of Pakistani Government Websites Through Usability Testing and Heuristic Evaluation ( MS Theses)</subfield>
  </datafield>
  <datafield tag="260" ind1=" " ind2=" ">
    <subfield code="a">Nawabshah</subfield>
    <subfield code="b">QUEST</subfield>
    <subfield code="c">2012</subfield>
  </datafield>
  <datafield tag="300" ind1=" " ind2=" ">
    <subfield code="a">37p.</subfield>
  </datafield>
  <datafield tag="500" ind1=" " ind2=" ">
    <subfield code="a">ABSTRACT

Usability is a necessary condition for survival	th	.
on	e web by assessing the usefulness of
existing  websites  or  developi  g  fl	h
.	n	rom  t e scratch and  then conducting its usabi lity
evaluation  e.g., usability testing or heuristic evaluation among other HCI techniques.
Experi mental usabil i ty methods are more expensive but more reliable to evaluate the
 
usefulness  of the  websites&#x2022; D'1f'i'e.1
 
t	h	h	&#x2022; &#x2022;	&#x2022;
 
1 ren researc ers  ave worked on usability testmg and
proved that usability testing is mandatory to eliminate various usability problems in the websites, also heuristic evaluation is an efficient and eflective method for finding the flaws from websites on best possi ble cost. The aim of this thesis is to measure usability problem s in the user interface design of all five Public Service Commission websites of Government of Pakistan i.e. Sindh Public Service Commission, Punjab Public Service Commission, Khyber Pakhtunkhwa/ NWFP  Public  Service  Commission. Balochistan Publ ic Service Commission and Federal Public Sen ice Commission. Through these websites, federal and provincial governments recruit the public sector employees. Approximat ely 2500 users visit these websites daily. So this study was conducted to evaluate the usefulness of these websites. Accordingly, usability testing has been conducted and I O usability heuristics of the famous usability expert Jakob Nielsen have been applied to evaluate thest: websites. These heuristics were then further subcategorized. The results are promising and stress the need for improving the user interface of these websites in order to provide the better services to their intended users.


</subfield>
  </datafield>
  <datafield tag="700" ind1=" " ind2=" ">
    <subfield code="a">Department of Information Technology</subfield>
  </datafield>
  <datafield tag="856" ind1=" " ind2=" ">
    <subfield code="u">http://tiny.cc/vbubvz</subfield>
  </datafield>
  <datafield tag="942" ind1=" " ind2=" ">
    <subfield code="c">THESIS</subfield>
  </datafield>
  <datafield tag="952" ind1=" " ind2=" ">
    <subfield code="0">0</subfield>
    <subfield code="1">0</subfield>
    <subfield code="4">0</subfield>
    <subfield code="7">0</subfield>
    <subfield code="a">RESEARCH</subfield>
    <subfield code="b">RESEARCH</subfield>
    <subfield code="d">2022-09-29</subfield>
    <subfield code="l">0</subfield>
    <subfield code="p">MP/01-09</subfield>
    <subfield code="r">2022-09-29 00:00:00</subfield>
    <subfield code="w">2022-09-29</subfield>
    <subfield code="y">THESIS</subfield>
  </datafield>
</record>
